| 000 | 04633cam a22004694i 4500 | ||
|---|---|---|---|
| 003 | PE-LiUPU | ||
| 005 | 20250731173406.0 | ||
| 008 | 150706s r 000 0 d | ||
| 020 | _a9780825415876 | ||
| 035 | _a(Sirsi) i9780825415876 | ||
| 040 |
_aPE-LiUPU _bspa _cPE-LiUPU _erda |
||
| 049 | _aPRUA | ||
| 082 | 0 | 4 |
_a241.5 _bP19 _221 |
| 100 | 1 |
_aPiper, John, _eautor. |
|
| 245 | 1 | 0 |
_aLo que Jesús exige del mundo / _cJohn Piper. |
| 264 | 1 |
_aMichigan : _bPortavoz, _c2007. |
|
| 300 |
_a376 páginas ; _c23 cm. |
||
| 336 |
_atext _2rdacontent |
||
| 337 |
_aunmediated _2rdamedia |
||
| 338 |
_avolume _2rdacarrier |
||
| 505 | 0 | _aOs es necesario nacer de nuevo -- Arrepentíos -- Venid a mí -- Creed en mí -- Amadme -- Escuchadme -- Permaneced en mí -- Tomad vuestra cruz y seguidme -- Amad a Dios con todo vuestro corazón, alma, mente y fuerzas -- Gozaos y alegraos -- Temed más bien a aquel que puede destruir el alma y el cuerpo en el infierno -- Adorad a Dios en Espíritu y en verdad -- Orad siempre y no desmayad -- No os afanéis por las necesidades de la vida diaria -- Nos os afanéis ante las amenazas del hombre -- Humillaos peleando contra el orgullo -- Humillaos en ingenuidad, servidumbre y confianza deshecha -- No os enojéis, confiad en la prudencia de Dios -- Nos os enojéis, abrazad la misericordia y el perdón -- Haced la voluntad de mi padre que está en los cielos: confiad en Jesús y justificaos -- Haced la voluntad de mi padre que está en los cielos: transformaos confiando en Jesús -- Esforzaos por entrad por la puerta estrecha porque toda la vida es una guerra -- Esforzaos por entrad por la puerta estrecha porque Jesús cumple el nuevo pacto -- Esforzaos por entrad por la puerta estrecha porque ya ustedes están en el poder del reino -- Vuestra justicia debe superar la de los fariseos: limpiad el interior del vaso -- Vuestra justicia debe superar la de los fariseos, porque todo buen árbol da buenos frutos -- Amad a vuestros enemigos: guiadlos hacia la verdad -- Amad a vuestros enemigos: orad por los que os calumnian -- Amad a vuestros enemigos: haced bien a los que os aborrecen; a cualquiera que os pide, dadle -- Amad a vuestros enemigos para demostrar que sois hijos de Dios -- Amarás a tu prójimo como a ti mismo, pues esta es la ley y los profetas -- Amarás a tu prójimo con la misma dedicación que tienes por tu propio bienestar -- Amarás a tu prójimo como a ti mismo y como Jesús nos ha amado -- Haceos tesoros en el cielo, dando sacrificada y generosamente -- Haceos tesoros en el cielo y aumentad vuestro gozo en Jesús -- Haceos tesoros en el cielo: "A vuestro Padre le ha placido daros el reino ." -- No juréis, valorad la verdad y habladla con sencillez -- No juréis, sea vuestro hablar sencillamente "Sí" o "no" -- Lo que Dios juntó, no lo separe el hombre, porque el matrimonio refleja el pacto de Dios con nosotros -- Lo que Dios juntó, no lo separe el hombre, porque quien se divorcia y se casa con otra, adultera -- Lo que Dios juntó, no lo separe el hombre: un hombre una mujer: por gracia, hasta la muerte -- Dad a César lo que es de César y a Dios lo que es de Dios -- Dad a César lo que es de César como un acto de dar a Dios lo que es de Dios -- Haced esto en memoria de mí, porque edificaré mi iglesia -- Haced esto en memoria de mí: bautizar discípulos y comer la cena del Señor -- Así alumbre vuestra luz delante de los hombres, para que glorifiquen a vuestro Padre que está en los cielos -- Así alumbre vuestra luz delante de los hombres: el alegre sacrificio de amor en el sufrimiento -- Haced discípulos a todas las naciones, porque toda la autoridad pertenece a Jesús -- Haced discípulos a todas las naciones, porque la misión no puede fracasar. | |
| 526 | _aSEG42 | ||
| 526 | _aSEG41 | ||
| 526 | _aSEG40 | ||
| 526 | _aSEG39 | ||
| 526 | _aP94 | ||
| 526 | _aP87 | ||
| 526 | _aP86 | ||
| 526 | _aP85 | ||
| 526 | _aP77 | ||
| 526 | _aP76 | ||
| 526 | _aP35 | ||
| 541 | _g001-001091; | ||
| 630 |
_aBiblia N.T. _xEvangelios _vCrítica, interpretación, etc. |
||
| 650 | 0 | 4 |
_aJesucristo _xEnseñanzas. |
| 910 |
_agl _bjv _clch _d20110818 |
||
| 942 |
_2ddc _cBOOK |
||
| 949 |
_a241.5 P19 _wDEWEY _c1 _i63303 _lCCODEBUL1 _mBUL _p15.00 _r0 _sY _tBOOK _u2015-7-6 _xTEOLOGIA _PP35 _o.STAFF. Colección General |
||
| 994 |
_aC0 _bPEPRU |
||
| 596 | _a1 | ||
| 999 |
_a241.5 P19 _wDEWEY _c52304 _i63303 _d52304 _f2021-11-10 _g5 _lCCODEBUL1 _mBUL _p15.00 _q2 _r0 _sY _tBOOK _u2015-7-6 _xTEOLOGIA _PP35 _0COMPRA _o.STAFF. Colección General |
||
| 980 |
_81 _gALBERTO SANCHEZ Responsable de Automatización |
||